|
|
|
|
| LEADER |
00000nam0a2200000 4500 |
| 001 |
139678 |
| 005 |
20231031141828.0 |
| 010 |
|
|
|a 9785478006624
|
| 010 |
|
|
|a 978-5-17-046746-4
|
| 035 |
|
|
|a (RuTPU)RU\TPU\book\151312
|
| 090 |
|
|
|a 139678
|
| 100 |
|
|
|a 20080610d2007 m y0rusy50 ca
|
| 101 |
0 |
|
|a rus
|
| 102 |
|
|
|a RU
|
| 105 |
|
|
|a a j 000zy
|
| 200 |
1 |
|
|a Китайский язык и китайская письменность
|e курс лекций
|f М. В. Софронов
|
| 210 |
|
|
|a Москва
|c Восток-Запад
|c АСТ
|d 2007
|
| 215 |
|
|
|a 638 с.
|c ил.
|
| 330 |
|
|
|a В книге рассматриваются основные черты лингвистической ситуации в Китае, место китайского языка среди языков Восточной Азии, основные проблемы фонетики и грамматики современного китайского языка, даны краткие сведения о его историческом развитии. Значительное внимание уделено письменным средствам китайского языка - иероглифической письменности и алфавиту. Книга представляет собой учебное пособие по некоторым предметам, входящим в комплекс дисциплин китайского языкознания, которые преподаются в высших учебных заведениях, и адресована студентам, учащимся и преподавателям высших и средних учебных заведений, специализированных групп и курсов, а также лицам, изучающим китайский язык самостоятельно.
|
| 610 |
1 |
|
|a китайский язык
|
| 610 |
1 |
|
|a учебные пособия
|
| 610 |
1 |
|
|a лексика
|
| 610 |
1 |
|
|a письмо
|
| 610 |
1 |
|
|a письменность
|
| 610 |
1 |
|
|a письменная речь
|
| 610 |
1 |
|
|a фонетика
|
| 610 |
1 |
|
|a грамматика
|
| 610 |
1 |
|
|a алфавит
|
| 610 |
1 |
|
|a иероглифы
|
| 686 |
|
|
|a Ш171.11-923
|v LBC/SL-A
|2 rubbk
|
| 700 |
|
1 |
|a Софронов
|b М. В.
|g Михаил Викторович
|
| 801 |
|
1 |
|a RU
|b 63413507
|c 20080610
|g PSBO
|
| 801 |
|
2 |
|a RU
|b 63413507
|c 20081006
|g PSBO
|
| 900 |
|
|
|a Китайский язык
|
| 900 |
|
|
|a Языкознание
|
| 942 |
|
|
|c BK
|
| 959 |
|
|
|a 65/20080529
|d 1
|e 349,80
|f ЧЗГЛ:1
|